[Event "Masters Tournament (MTO)"]
[Site "Biel, CH"]
[Date "2025.07.15"]
[Round "2"]
[White "Gut, Lionel"]
[Black "Anetov, Amirzhan"]
[Result "1-0"]
[Board "27"]
[WhiteFideId "1339966"]
[BlackFideId "13784951"]
[WhiteElo "2239"]
[BlackElo "1993"]
[WhiteTeam "SUI"]
[BlackTeam "KAZ"]
[WhiteClock "0:28:40"]
[BlackClock "1:18:21"]
[Variant "Standard"]

1. d4 {[%clk 1:40:37]}  Nf6 {[%clk 1:40:54]} 2. c4 {[%clk 1:41:04]}  g6 {[%clk 1:41:20]} 3. Nc3 {[%clk 1:41:29]}  Bg7 {[%clk 1:41:47]} 4. e4 {[%clk 1:41:54]}  d6 {[%clk 1:42:16]} 5. Be2 {[%clk 1:42:18]}  O-O {[%clk 1:42:42]} 6. Be3 {[%clk 1:42:44]}  Nc6 {[%clk 1:43:10]} 7. d5 {[%clk 1:43:07]}  Ne5 {[%clk 1:43:01]} 8. Rc1 {[%clk 1:43:30]}  c6 {[%clk 1:44:07]} 9. Nf3 {[%clk 1:43:31]}  Nfg4 {[%clk 1:44:33]} 10. Bg5 {[%clk 1:41:39]}  Nxf3+ {[%clk 1:44:59]} 11. Bxf3 {[%clk 1:42:02]}  f6 {[%clk 1:33:38]} 12. Bf4 {[%clk 1:29:01]}  Ne5 {[%clk 1:45:42]} 13. Be2 {[%clk 1:29:18]}  f5 {[%clk 1:43:36]} 14. exf5 {[%clk 1:25:11]}  Bxf5 {[%clk 1:37:17]} 15. Be3 {[%clk 1:15:49]}  e6 {[%clk 1:31:37]} 16. g4 {[%clk 0:53:35]}  Qh4 {[%clk 1:41:51]} 17. gxf5 {[%clk 0:53:20]}  exf5 {[%clk 1:42:18]} 18. dxc6 {[%clk 0:47:10]}  bxc6 {[%clk 1:27:01]} 19. Qxd6 {[%clk 0:44:55]}  f4 {[%clk 1:34:05]} 20. Bd4 {[%clk 0:33:43]}  Rae8 {[%clk 1:23:48]} 21. Bxe5 {[%clk 0:22:22]}  Rxe5 {[%clk 1:20:19]} 22. O-O {[%clk 0:11:11]}  f3 {[%clk 1:32:54]} 23. Bxf3 {[%clk 0:11:31]}  Rxf3 {[%clk 1:31:58]} 24. Kh1 {[%clk 0:07:15]}  Rh5 {[%clk 1:28:23]} 25. Rcd1 {[%clk 0:08:20]}  Qxc4 {[%clk 1:20:56]} 26. Qb8+ {[%clk 0:07:01]}  Rf8 {[%clk 1:23:19]} 27. Qb3 {[%clk 0:07:28]}  Qxb3 {[%clk 1:23:32]} 28. axb3 {[%clk 0:07:57]}  Be5 {[%clk 1:23:39]} 29. Ne4 {[%clk 0:07:32]}  Rxh2+ {[%clk 1:23:52]} 30. Kg1 {[%clk 0:08:01]}  Rh3 {[%clk 1:23:24]} 31. Rfe1 {[%clk 0:05:57]}  Bxb2 {[%clk 1:19:54]} 32. Rd7 {[%clk 0:05:40]}  Rxb3 {[%clk 1:16:26]} 33. Ng5 {[%clk 0:05:46]}  h6 {[%clk 1:16:15]} 34. Re6 {[%clk 0:06:02]}  Bf6 {[%clk 1:11:56]} 35. Nh7 {[%clk 0:06:13]}  Rf7 {[%clk 1:09:25]} 36. Nxf6+ {[%clk 0:03:48]}  Kg7 {[%clk 1:12:15]} 37. Ne8+ {[%clk 0:02:58]}  Kg8 {[%clk 1:10:30]} 38. Rxg6+ {[%clk 0:01:47]}  Kf8 {[%clk 1:12:14]} 39. Nf6 {[%clk 0:02:07]}  Rxd7 {[%clk 1:12:13]} 40. Nxd7+ {[%clk 0:02:32]}  Ke7 {[%clk 1:11:18]} 41. Ne5 {[%clk 0:01:46]}  c5 {[%clk 1:12:24]} 42. Rxh6 {[%clk 0:30:12]}  Rb6 {[%clk 1:19:13]} 43. Rc6 {[%clk 0:29:25]}  Rb1+ {[%clk 1:16:52]} 44. Kg2 {[%clk 0:29:50]}  Rc1 {[%clk 1:17:13]} 45. f4 {[%clk 0:29:58]}  Rc2+ {[%clk 1:14:29]} 46. Kg3 {[%clk 0:30:23]}  Rc3+ {[%clk 1:14:57]} 47. Kg4 {[%clk 0:30:46]}  Rc1 {[%clk 1:15:24]} 48. Kf5 {[%clk 0:28:52]}  a5 {[%clk 1:15:22]} 49. Nd3 {[%clk 0:25:04]}  Rd1 {[%clk 1:15:43]} 50. Nxc5 {[%clk 0:25:12]}  Rd5+ {[%clk 1:16:04]} 51. Ke4 {[%clk 0:25:39]}  Rh5 {[%clk 1:16:31]} 52. Nd3 {[%clk 0:24:57]}  Rh1 {[%clk 1:16:03]} 53. Ra6 {[%clk 0:25:23]}  Ra1 {[%clk 1:16:20]} 54. f5 {[%clk 0:25:50]}  Ra2 {[%clk 1:16:47]} 55. f6+ {[%clk 0:25:51]}  Kd8 {[%clk 1:17:12]} 56. Ra8+ {[%clk 0:26:09]}  Kd7 {[%clk 1:17:38]} 57. f7 {[%clk 0:26:34]}  Re2+ {[%clk 1:18:03]} 58. Kd4 {[%clk 0:27:01]}  Rh2 {[%clk 1:17:21]} 59. f8=Q {[%clk 0:27:25]}  Rh4+ {[%clk 1:17:40]} 60. Kd5 {[%clk 0:27:49]}  Rh5+ {[%clk 1:18:06]} 61. Ne5+ {[%clk 0:28:15]}  Kc7 {[%clk 1:18:21]} 62. Qb8# {[%clk 0:28:40]} 1-0

[Event "Masters Tournament (MTO)"]
[Site "Biel, CH"]
[Date "2025.07.15"]
[Round "2"]
[White "Snodgrass, Benjamin"]
[Black "Harish, Neeraj"]
[Result "1-0"]
[Board "28"]
[WhiteFideId "30915422"]
[BlackFideId "30958130"]
[BlackTitle "CM"]
[WhiteElo "1964"]
[BlackElo "2212"]
[WhiteTeam "USA"]
[BlackTeam "USA"]
[WhiteClock "0:24:42"]
[BlackClock "0:54:20"]
[Variant "Standard"]

1. e4 {[%clk 1:40:53]}  c5 {[%clk 1:40:49]} 2. Nf3 {[%clk 1:41:16]}  Nc6 {[%clk 1:40:15]} 3. b4 {[%clk 1:40:44]}  Nxb4 {[%clk 1:41:21]} 4. c3 {[%clk 1:41:03]}  Nc6 {[%clk 1:41:45]} 5. d4 {[%clk 1:41:26]}  cxd4 {[%clk 1:42:09]} 6. cxd4 {[%clk 1:41:49]}  e6 {[%clk 1:30:14]} 7. Nc3 {[%clk 1:41:22]}  d5 {[%clk 1:41:11]} 8. exd5 {[%clk 1:29:02]}  exd5 {[%clk 1:36:29]} 9. Bb5 {[%clk 1:19:48]}  Bb4 {[%clk 1:30:37]} 10. Qb3 {[%clk 1:09:41]}  Qe7+ {[%clk 1:19:23]} 11. Ne5 {[%clk 1:03:06]}  Nf6 {[%clk 1:18:49]} 12. O-O {[%clk 1:06:42]}  O-O {[%clk 1:04:05]} 13. Bxc6 {[%clk 1:04:41]}  Bxc3 {[%clk 0:50:17]} 14. Qxc3 {[%clk 1:03:55]}  Qc7 {[%clk 0:40:56]} 15. Ba3 {[%clk 1:02:06]}  Rd8 {[%clk 0:37:53]} 16. Rac1 {[%clk 0:54:00]}  bxc6 {[%clk 1:04:35]} 17. Nxc6 {[%clk 0:52:17]}  Ne4 {[%clk 1:02:30]} 18. Qb4 {[%clk 0:49:54]}  a5 {[%clk 1:00:31]} 19. Qb2 {[%clk 0:46:42]}  Re8 {[%clk 0:59:36]} 20. Ne7+ {[%clk 0:25:45]}  Rxe7 {[%clk 0:59:47]} 21. Rxc7 {[%clk 0:26:09]}  Rxc7 {[%clk 1:00:12]} 22. Qb6 {[%clk 0:20:44]}  Rd7 {[%clk 0:57:57]} 23. Rc1 {[%clk 0:17:35]}  h6 {[%clk 0:55:51]} 24. Qc6 {[%clk 0:21:28]}  Rb8 {[%clk 0:56:02]} 25. f3 {[%clk 0:19:12]}  Nf6 {[%clk 0:52:39]} 26. Bd6 {[%clk 0:20:52]}  Bb7 {[%clk 0:52:25]} 27. Qb6 {[%clk 0:20:46]}  Ra8 {[%clk 0:48:14]} 28. Be5 {[%clk 0:17:47]}  Ne8 {[%clk 0:47:25]} 29. Qb5 {[%clk 0:18:15]}  Re7 {[%clk 0:45:04]} 30. a4 {[%clk 0:14:17]}  Kh7 {[%clk 0:43:52]} 31. Qd3+ {[%clk 0:14:04]}  Kg8 {[%clk 0:43:13]} 32. Rc5 {[%clk 0:12:06]}  Ba6 {[%clk 0:44:06]} 33. Qc3 {[%clk 0:14:16]}  f6 {[%clk 0:43:50]} 34. Bg3 {[%clk 0:14:19]}  Bc4 {[%clk 0:43:31]} 35. Rxa5 {[%clk 0:11:54]}  Rxa5 {[%clk 0:40:58]} 36. Qxa5 {[%clk 0:14:50]}  Rb7 {[%clk 0:39:15]} 37. h4 {[%clk 0:10:51]}  h5 {[%clk 0:39:36]} 38. Qa8 {[%clk 0:08:24]}  Rb1+ {[%clk 0:39:24]} 39. Kh2 {[%clk 0:10:46]}  Kf7 {[%clk 0:37:03]} 40. Qc8 {[%clk 0:08:49]}  Ra1 {[%clk 0:33:31]} 41. Qf5 {[%clk 0:05:06]}  Kf8 {[%clk 0:35:26]} 42. Qd7 {[%clk 0:01:50]}  Bb3 {[%clk 0:33:51]} 43. Qd8 {[%clk 0:04:08]}  Kf7 {[%clk 0:33:36]} 44. a5 {[%clk 0:03:21]}  Bc4 {[%clk 0:32:25]} 45. Bb8 {[%clk 0:30:00]}  Re1 {[%clk 0:23:03]} 46. Ba7 {[%clk 0:28:12]}  g6 {[%clk 0:59:03]} 47. Bc5 {[%clk 0:27:16]}  Re2 {[%clk 0:57:23]} 48. Qc8 {[%clk 0:24:51]}  f5 {[%clk 0:54:20]} 49. a6 {[%clk 0:24:42]} 1-0

[Event "Masters Tournament (MTO)"]
[Site "Biel, CH"]
[Date "2025.07.15"]
[Round "2"]
[White "Sowray, Peter J"]
[Black "Hottinger, Simon"]
[Result "1-0"]
[Board "29"]
[WhiteFideId "400971"]
[BlackFideId "1350552"]
[WhiteTitle "FM"]
[WhiteElo "2211"]
[BlackElo "1913"]
[WhiteTeam "ENG"]
[BlackTeam "SUI"]
[WhiteClock "0:09:17"]
[BlackClock "0:04:33"]
[Variant "Standard"]

1. d4 {[%clk 1:40:56]}  Nf6 {[%clk 1:40:54]} 2. Bf4 {[%clk 1:41:15]}  g6 {[%clk 1:41:16]} 3. Nc3 {[%clk 1:41:34]}  d5 {[%clk 1:41:39]} 4. e3 {[%clk 1:41:37]}  Bg7 {[%clk 1:42:02]} 5. h4 {[%clk 1:41:58]}  h5 {[%clk 1:42:29]} 6. Nf3 {[%clk 1:41:07]}  O-O {[%clk 1:42:42]} 7. Qd2 {[%clk 1:36:41]}  Bf5 {[%clk 1:24:53]} 8. Ne5 {[%clk 1:32:34]}  c5 {[%clk 1:23:54]} 9. Be2 {[%clk 1:26:46]}  cxd4 {[%clk 1:21:20]} 10. exd4 {[%clk 1:27:04]}  Nc6 {[%clk 1:21:36]} 11. O-O {[%clk 1:07:06]}  a6 {[%clk 0:49:25]} 12. Nxc6 {[%clk 1:13:43]}  bxc6 {[%clk 0:49:52]} 13. Rfe1 {[%clk 1:14:04]}  Ne8 {[%clk 0:44:39]} 14. Na4 {[%clk 1:08:35]}  Nd6 {[%clk 0:38:40]} 15. Nc5 {[%clk 1:07:30]}  Ne4 {[%clk 0:38:57]} 16. Nxe4 {[%clk 1:06:13]}  Bxe4 {[%clk 0:38:57]} 17. c3 {[%clk 1:04:33]}  Re8 {[%clk 0:38:13]} 18. Bf1 {[%clk 0:58:37]}  Qd7 {[%clk 0:34:44]} 19. b4 {[%clk 0:56:33]}  Qg4 {[%clk 0:31:19]} 20. Bg3 {[%clk 0:54:34]}  Bf6 {[%clk 0:29:18]} 21. Be2 {[%clk 0:54:35]}  Qd7 {[%clk 0:29:07]} 22. f3 {[%clk 0:49:44]}  Bf5 {[%clk 0:28:19]} 23. Bf1 {[%clk 0:47:21]}  Kh7 {[%clk 0:20:54]} 24. Qf2 {[%clk 0:47:39]}  a5 {[%clk 0:18:05]} 25. a3 {[%clk 0:46:34]}  Ra7 {[%clk 0:16:46]} 26. Be5 {[%clk 0:43:54]}  Bxe5 {[%clk 0:14:37]} 27. Rxe5 {[%clk 0:43:13]}  e6 {[%clk 0:10:16]} 28. Qd2 {[%clk 0:35:36]}  Rea8 {[%clk 0:08:24]} 29. Re3 {[%clk 0:33:58]}  Qd6 {[%clk 0:07:52]} 30. Qf2 {[%clk 0:30:08]}  axb4 {[%clk 0:05:51]} 31. cxb4 {[%clk 0:30:36]}  Ra4 {[%clk 0:06:12]} 32. g4 {[%clk 0:25:20]}  hxg4 {[%clk 0:06:41]} 33. fxg4 {[%clk 0:25:46]}  Bxg4 {[%clk 0:07:03]} 34. Qxf7+ {[%clk 0:25:55]}  Kh6 {[%clk 0:00:45]} 35. Qf6 {[%clk 0:16:44]}  Bf5 {[%clk 0:06:05]} 36. Re5 {[%clk 0:15:39]}  Rf8 {[%clk 0:05:26]} 37. Qg5+ {[%clk 0:15:54]}  Kh7 {[%clk 0:05:49]} 38. Ra2 {[%clk 0:13:54]}  Be4 {[%clk 0:04:20]} 39. h5 {[%clk 0:10:19]}  Qd8 {[%clk 0:00:34]} 40. hxg6+ {[%clk 0:10:33]}  Kg7 {[%clk 0:00:56]} 41. Qxd8 {[%clk 0:08:09]}  Rxd8 {[%clk 0:01:13]} 42. Rxe6 {[%clk 0:08:31]}  Rda8 {[%clk 0:25:24]} 43. Rh2 {[%clk 0:23:12]}  Rxa3 {[%clk 0:23:42]} 44. Rh7+ {[%clk 0:23:36]}  Kg8 {[%clk 0:23:51]} 45. Rxe4 {[%clk 0:23:39]}  Rg3+ {[%clk 0:22:51]} 46. Kh2 {[%clk 0:16:06]}  Rxg6 {[%clk 0:20:30]} 47. Reh4 {[%clk 0:15:32]}  Ra2+ {[%clk 0:19:24]} 48. Kh1 {[%clk 0:15:51]}  Ra1 {[%clk 0:19:20]} 49. Rh8+ {[%clk 0:16:10]}  Kf7 {[%clk 0:18:01]} 50. Rf4+ {[%clk 0:16:17]}  Ke6 {[%clk 0:15:51]} 51. Kh2 {[%clk 0:14:00]}  Ra2+ {[%clk 0:15:15]} 52. Kh3 {[%clk 0:14:21]}  Rb2 {[%clk 0:15:15]} 53. Kh4 {[%clk 0:14:10]}  Rxb4 {[%clk 0:12:52]} 54. Bh3+ {[%clk 0:12:16]}  Kd6 {[%clk 0:11:32]} 55. Rh7 {[%clk 0:12:03]}  c5 {[%clk 0:04:01]} 56. Kh5 {[%clk 0:10:56]}  Re6 {[%clk 0:04:18]} 57. Bxe6 {[%clk 0:09:41]}  Kxe6 {[%clk 0:04:33]} 58. Kg5 {[%clk 0:09:17]} 1-0

[Event "Masters Tournament (MTO)"]
[Site "Biel, CH"]
[Date "2025.07.15"]
[Round "2"]
[White "Vemparala, Nikash"]
[Black "Heyl, Thomas"]
[Result "1-0"]
[Board "30"]
[WhiteFideId "30960967"]
[BlackFideId "4623371"]
[WhiteTitle "CM"]
[WhiteElo "2187"]
[BlackElo "1938"]
[WhiteTeam "USA"]
[BlackTeam "GER"]
[WhiteClock "0:21:28"]
[BlackClock "0:02:50"]
[Variant "Standard"]

1. c4 {[%clk 1:40:43]}  Nf6 {[%clk 1:40:50]} 2. Nf3 {[%clk 1:41:05]}  e6 {[%clk 1:40:51]} 3. g3 {[%clk 1:41:27]}  d5 {[%clk 1:40:59]} 4. Bg2 {[%clk 1:41:50]}  d4 {[%clk 1:40:32]} 5. e3 {[%clk 1:41:48]}  c5 {[%clk 1:40:36]} 6. O-O {[%clk 1:41:56]}  Nc6 {[%clk 1:40:52]} 7. d3 {[%clk 1:41:40]}  Be7 {[%clk 1:40:11]} 8. exd4 {[%clk 1:41:32]}  cxd4 {[%clk 1:38:11]} 9. Na3 {[%clk 1:41:45]}  O-O {[%clk 1:37:06]} 10. Nc2 {[%clk 1:39:35]}  Re8 {[%clk 1:36:37]} 11. Rb1 {[%clk 1:38:06]}  a5 {[%clk 1:35:43]} 12. b3 {[%clk 1:38:04]}  e5 {[%clk 1:35:47]} 13. a3 {[%clk 1:36:52]}  Bg4 {[%clk 1:19:38]} 14. h3 {[%clk 1:28:52]}  Bh5 {[%clk 1:18:26]} 15. g4 {[%clk 1:16:32]}  Bg6 {[%clk 1:18:37]} 16. Nh4 {[%clk 1:14:23]}  Bd6 {[%clk 1:07:49]} 17. Nxg6 {[%clk 1:12:25]}  hxg6 {[%clk 1:07:04]} 18. b4 {[%clk 1:08:03]}  axb4 {[%clk 1:07:26]} 19. axb4 {[%clk 1:08:24]}  Qd7 {[%clk 0:58:36]} 20. Bd2 {[%clk 0:43:41]}  Nd8 {[%clk 0:50:37]} 21. Ra1 {[%clk 0:51:23]}  Ne6 {[%clk 0:43:41]} 22. Re1 {[%clk 0:44:14]}  Rxa1 {[%clk 0:40:43]} 23. Qxa1 {[%clk 0:44:13]}  Nd8 {[%clk 0:39:46]} 24. Qa2 {[%clk 0:38:00]}  Kh7 {[%clk 0:36:59]} 25. c5 {[%clk 0:33:43]}  Bf8 {[%clk 0:33:05]} 26. g5 {[%clk 0:31:56]}  Nh5 {[%clk 0:30:37]} 27. Qd5 {[%clk 0:31:10]}  Qb5 {[%clk 0:23:40]} 28. Qc4 {[%clk 0:29:56]}  Qd7 {[%clk 0:20:50]} 29. b5 {[%clk 0:26:56]}  Re6 {[%clk 0:05:09]} 30. Bd5 {[%clk 0:26:30]}  Re7 {[%clk 0:05:32]} 31. c6 {[%clk 0:26:14]}  bxc6 {[%clk 0:04:48]} 32. bxc6 {[%clk 0:26:38]}  Qc8 {[%clk 0:01:58]} 33. Bb4 {[%clk 0:23:37]}  Qxh3 {[%clk 0:04:40]} 34. Bg2 {[%clk 0:21:40]}  Qg4 {[%clk 0:04:41]} 35. Ne3 {[%clk 0:21:46]}  Qxg5 {[%clk 0:04:50]} 36. Bxe7 {[%clk 0:22:09]}  Bxe7 {[%clk 0:04:53]} 37. c7 {[%clk 0:22:19]}  Nf4 {[%clk 0:04:18]} 38. c8=Q {[%clk 0:21:33]}  dxe3 {[%clk 0:04:35]} 39. Qe4 {[%clk 0:21:39]}  f5 {[%clk 0:02:12]} 40. Qf3 {[%clk 0:21:23]}  exf2+ {[%clk 0:02:30]} 41. Kxf2 {[%clk 0:21:16]}  Nde6 {[%clk 0:02:50]} 42. Rh1+ {[%clk 0:21:28]} 1-0

[Event "Masters Tournament (MTO)"]
[Site "Biel, CH"]
[Date "2025.07.15"]
[Round "2"]
[White "Georgescu, Lena"]
[Black "von Burg, Carl Alexander"]
[Result "1-0"]
[Board "31"]
[WhiteFideId "1331973"]
[BlackFideId "1352458"]
[WhiteTitle "WGM"]
[WhiteElo "2185"]
[BlackElo "1878"]
[WhiteTeam "SUI"]
[BlackTeam "SUI"]
[WhiteClock "0:25:56"]
[BlackClock "0:21:35"]
[Variant "Standard"]

1. e4 {[%clk 1:40:57]}  c5 {[%clk 1:40:38]} 2. Nf3 {[%clk 1:41:22]}  Nc6 {[%clk 1:41:01]} 3. Bb5 {[%clk 1:41:47]}  g6 {[%clk 1:41:19]} 4. O-O {[%clk 1:41:45]}  Bg7 {[%clk 1:41:45]} 5. Re1 {[%clk 1:42:03]}  Nf6 {[%clk 1:41:47]} 6. Bxc6 {[%clk 1:42:23]}  dxc6 {[%clk 1:40:56]} 7. d3 {[%clk 1:42:38]}  Qc7 {[%clk 1:38:20]} 8. e5 {[%clk 1:30:30]}  Nd5 {[%clk 1:38:14]} 9. c4 {[%clk 1:26:13]}  Nb4 {[%clk 1:37:21]} 10. a3 {[%clk 1:26:37]}  Na6 {[%clk 1:37:36]} 11. Nc3 {[%clk 1:26:29]}  Bg4 {[%clk 1:34:12]} 12. Bf4 {[%clk 1:25:06]}  O-O-O {[%clk 1:26:42]} 13. h3 {[%clk 1:14:18]}  Bf5 {[%clk 1:24:08]} 14. Ne4 {[%clk 0:53:01]}  h6 {[%clk 1:05:58]} 15. Bg3 {[%clk 0:59:41]}  Qd7 {[%clk 1:02:57]} 16. Qa4 {[%clk 0:49:36]}  g5 {[%clk 0:48:52]} 17. b4 {[%clk 0:53:06]}  Qxd3 {[%clk 0:37:20]} 18. Nfd2 {[%clk 0:36:28]}  Bxe4 {[%clk 0:38:17]} 19. Nxe4 {[%clk 0:36:50]}  Qxc4 {[%clk 0:36:59]} 20. Rac1 {[%clk 0:36:39]}  Qb5 {[%clk 0:35:50]} 21. Qxb5 {[%clk 0:36:16]}  cxb5 {[%clk 0:36:12]} 22. Nxc5 {[%clk 0:36:19]}  Nxc5 {[%clk 0:30:41]} 23. Rxc5+ {[%clk 0:36:44]}  Kb8 {[%clk 0:29:01]} 24. e6+ {[%clk 0:36:13]}  Ka8 {[%clk 0:26:54]} 25. exf7 {[%clk 0:32:59]}  Rd7 {[%clk 0:21:33]} 26. Be5 {[%clk 0:26:06]}  Bxe5 {[%clk 0:21:04]} 27. Rcxe5 {[%clk 0:26:19]}  Kb8 {[%clk 0:21:01]} 28. Rxe7 {[%clk 0:26:11]}  Kc8 {[%clk 0:21:16]} 29. Re8+ {[%clk 0:25:57]}  Rd8 {[%clk 0:21:35]} 30. Rxh8 {[%clk 0:25:56]} 1-0

[Event "Masters Tournament (MTO)"]
[Site "Biel, CH"]
[Date "2025.07.15"]
[Round "2"]
[White "Jordan, Christina"]
[Black "Erne, Raphael"]
[Result "0-1"]
[Board "32"]
[WhiteFideId "1347977"]
[BlackFideId "1341928"]
[WhiteElo "1943"]
[BlackElo "2164"]
[WhiteTeam "SUI"]
[BlackTeam "SUI"]
[WhiteClock "0:12:28"]
[BlackClock "0:07:17"]
[Variant "Standard"]

1. e4 {[%clk 1:40:57]}  c6 {[%clk 1:40:48]} 2. Nc3 {[%clk 1:41:16]}  d5 {[%clk 1:41:09]} 3. Nf3 {[%clk 1:41:34]}  Bg4 {[%clk 1:41:23]} 4. h3 {[%clk 1:41:51]}  Bxf3 {[%clk 1:41:44]} 5. Qxf3 {[%clk 1:42:08]}  Nf6 {[%clk 1:42:00]} 6. d3 {[%clk 1:40:52]}  e6 {[%clk 1:42:18]} 7. Be2 {[%clk 1:37:20]}  Nbd7 {[%clk 1:42:40]} 8. O-O {[%clk 1:36:43]}  Ne5 {[%clk 1:43:03]} 9. Qg3 {[%clk 1:35:43]}  Ng6 {[%clk 1:38:26]} 10. f4 {[%clk 1:27:51]}  dxe4 {[%clk 1:43:18]} 11. Nxe4 {[%clk 1:10:09]}  Qd4+ {[%clk 1:22:21]} 12. Qe3 {[%clk 1:23:55]}  Qxe3+ {[%clk 1:21:28]} 13. Bxe3 {[%clk 1:24:20]}  Nd5 {[%clk 1:20:52]} 14. Bd2 {[%clk 1:19:35]}  f5 {[%clk 1:15:06]} 15. Nc3 {[%clk 1:19:58]}  Bc5+ {[%clk 1:13:54]} 16. Kh1 {[%clk 1:15:25]}  Nf6 {[%clk 1:06:57]} 17. g3 {[%clk 1:14:23]}  O-O {[%clk 1:03:47]} 18. Rae1 {[%clk 1:08:27]}  Rae8 {[%clk 1:01:30]} 19. Bd1 {[%clk 1:03:27]}  Nd7 {[%clk 0:54:20]} 20. Bh5 {[%clk 0:58:30]}  Nf6 {[%clk 0:50:19]} 21. Bd1 {[%clk 0:51:39]}  Rf7 {[%clk 0:42:54]} 22. Ne2 {[%clk 0:45:20]}  Rfe7 {[%clk 0:39:26]} 23. d4 {[%clk 0:39:17]}  Bb6 {[%clk 0:33:08]} 24. Be3 {[%clk 0:37:46]}  Ne4 {[%clk 0:29:39]} 25. c3 {[%clk 0:32:40]}  e5 {[%clk 0:26:51]} 26. Kg2 {[%clk 0:29:21]}  exd4 {[%clk 0:16:38]} 27. Bxd4 {[%clk 0:29:07]}  Nd2 {[%clk 0:11:08]} 28. Rg1 {[%clk 0:26:59]}  Bxd4 {[%clk 0:09:10]} 29. cxd4 {[%clk 0:24:04]}  Re3 {[%clk 0:13:47]} 30. Rh1 {[%clk 0:22:50]}  R8e4 {[%clk 0:12:59]} 31. Kf2 {[%clk 0:17:55]}  Rf3+ {[%clk 0:08:22]} 32. Kg2 {[%clk 0:19:56]}  Rfe3 {[%clk 0:08:51]} 33. Kf2 {[%clk 0:20:06]}  Rf3+ {[%clk 0:09:17]} 34. Kg2 {[%clk 0:20:28]}  Ree3 {[%clk 0:09:37]} 35. Bc2 {[%clk 0:19:16]}  Ne7 {[%clk 0:09:59]} 36. Rhg1 {[%clk 0:17:00]}  Kf7 {[%clk 0:08:36]} 37. a3 {[%clk 0:16:59]}  g6 {[%clk 0:07:27]} 38. Kh1 {[%clk 0:12:20]}  Rf2 {[%clk 0:06:55]} 39. Nc3 {[%clk 0:12:24]}  Nf3 {[%clk 0:06:54]} 40. Bb3+ {[%clk 0:12:28]}  Kg7 {[%clk 0:07:17]} 0-1

[Event "Masters Tournament (MTO)"]
[Site "Biel, CH"]
[Date "2025.07.15"]
[Round "2"]
[White "Gut, Raphael"]
[Black "Aryan Goyal"]
[Result "1/2-1/2"]
[Board "33"]
[WhiteFideId "1339974"]
[BlackFideId "366108825"]
[WhiteElo "2147"]
[BlackElo "1906"]
[WhiteTeam "SUI"]
[BlackTeam "IND"]
[WhiteClock "0:17:18"]
[BlackClock "0:21:48"]
[Variant "Standard"]

1. d4 {[%clk 1:40:57]}  Nf6 {[%clk 1:40:37]} 2. c4 {[%clk 1:41:14]}  e6 {[%clk 1:40:43]} 3. Nc3 {[%clk 1:40:45]}  Bb4 {[%clk 1:40:42]} 4. e3 {[%clk 1:42:06]}  b6 {[%clk 1:40:33]} 5. Nge2 {[%clk 1:42:30]}  Bb7 {[%clk 1:40:01]} 6. a3 {[%clk 1:42:20]}  Bxc3+ {[%clk 1:38:20]} 7. Nxc3 {[%clk 1:42:01]}  O-O {[%clk 1:28:38]} 8. Bd3 {[%clk 1:39:30]}  d5 {[%clk 1:36:21]} 9. O-O {[%clk 1:27:45]}  dxc4 {[%clk 1:35:38]} 10. Bxc4 {[%clk 1:27:55]}  Nbd7 {[%clk 1:35:43]} 11. Qe2 {[%clk 1:21:02]}  c5 {[%clk 1:33:26]} 12. dxc5 {[%clk 1:19:25]}  Nxc5 {[%clk 1:30:16]} 13. f3 {[%clk 1:16:39]}  h6 {[%clk 1:28:03]} 14. Rd1 {[%clk 1:10:12]}  Qe7 {[%clk 1:27:42]} 15. b4 {[%clk 1:09:48]}  Ncd7 {[%clk 1:27:54]} 16. Bb2 {[%clk 1:09:33]}  Rfd8 {[%clk 1:26:54]} 17. e4 {[%clk 1:02:17]}  e5 {[%clk 1:17:22]} 18. Qe3 {[%clk 0:57:44]}  Rac8 {[%clk 1:12:54]} 19. Bb3 {[%clk 0:56:31]}  Nf8 {[%clk 1:06:59]} 20. Ne2 {[%clk 0:56:18]}  Ng6 {[%clk 1:04:08]} 21. Ng3 {[%clk 0:42:18]}  Rxd1+ {[%clk 0:52:22]} 22. Rxd1 {[%clk 0:54:57]}  Rd8 {[%clk 0:52:29]} 23. Rxd8+ {[%clk 0:52:27]}  Qxd8 {[%clk 0:52:56]} 24. Nf5 {[%clk 0:52:33]}  Kh7 {[%clk 0:36:28]} 25. g3 {[%clk 0:47:09]}  Qd7 {[%clk 0:31:07]} 26. Bc1 {[%clk 0:42:19]}  Bd5 {[%clk 0:22:02]} 27. Bxd5 {[%clk 0:36:29]}  Nxd5 {[%clk 0:21:38]} 28. Qd2 {[%clk 0:36:33]}  Nf6 {[%clk 0:21:21]} 29. Qxd7 {[%clk 0:36:48]}  Nxd7 {[%clk 0:21:47]} 30. Nd6 {[%clk 0:37:09]}  Kg8 {[%clk 0:21:23]} 31. Nc8 {[%clk 0:37:27]}  a6 {[%clk 0:20:37]} 32. Kf2 {[%clk 0:32:49]}  b5 {[%clk 0:20:52]} 33. f4 {[%clk 0:32:43]}  Kf8 {[%clk 0:19:34]} 34. Ke3 {[%clk 0:31:22]}  Ne7 {[%clk 0:16:43]} 35. Nd6 {[%clk 0:30:21]}  Nc6 {[%clk 0:16:24]} 36. Bb2 {[%clk 0:26:50]}  g6 {[%clk 0:12:07]} 37. Nb7 {[%clk 0:11:43]}  Nb6 {[%clk 0:10:08]} 38. Bxe5 {[%clk 0:10:32]}  Nc4+ {[%clk 0:09:28]} 39. Kd3 {[%clk 0:10:54]}  N6xe5+ {[%clk 0:07:21]} 40. fxe5 {[%clk 0:11:23]}  Nxe5+ {[%clk 0:05:51]} 41. Kc3 {[%clk 0:08:04]}  Ng4 {[%clk 0:27:11]} 42. h4 {[%clk 0:36:56]}  Nf6 {[%clk 0:26:19]} 43. Nc5 {[%clk 0:33:51]}  Nh5 {[%clk 0:26:29]} 44. Nxa6 {[%clk 0:29:47]}  Nxg3 {[%clk 0:26:55]} 45. Kd3 {[%clk 0:30:15]}  f5 {[%clk 0:25:54]} 46. exf5 {[%clk 0:28:28]}  Nxf5 {[%clk 0:25:58]} 47. Nc7 {[%clk 0:28:41]}  Nd6 {[%clk 0:23:16]} 48. Kd4 {[%clk 0:21:38]}  Ke7 {[%clk 0:23:28]} 49. Kc5 {[%clk 0:21:42]}  g5 {[%clk 0:23:09]} 50. hxg5 {[%clk 0:22:11]}  hxg5 {[%clk 0:23:04]} 51. Nd5+ {[%clk 0:19:56]}  Ke6 {[%clk 0:22:42]} 52. Ne3 {[%clk 0:18:42]}  Ke5 {[%clk 0:21:48]} 53. Ng4 {[%clk 0:17:18]} 1/2-1/2